000 00938nam a2200289Ia 4500
001 Z_4751
003 CHAP
008 220113s2003 xx 000 0 und d
010 _a167801
040 _cCHAP
090 _aTesis M 1696
100 _aMunguía Santos, Gerardo
_979496
245 _aComportamiento productivo y calidad del cascarón de gallinas alimentadas con diferentes niveles de fósforo en la dieta /
_cpor Gerardo Munguía Santos y Anuar Perdomo García
260 _aChapingo, Méx. :
_bEl autor,
_c2003
300 _a49 h.
502 _aTesis (Ing. Agr. Esp. en Zootecnia) -- UACH. Departamento de Zootecnia
650 _aAves de corral
_xAlimentación
_98638
650 _aFósforo en nutrición animal
_942266
650 _aHuevos
_xCalidad
_956742
700 _aPerdomo García, Anuar
_9142076
901 _aTESIS M 1696
902 _aM
910 _a2003
942 _c2
942 _c2
999 _c167801
_d167801